Generazioni dei Pokémon - Quiz n°4 - Statistics

Statistiche generali
  • Questo quiz è stato fatto 3 volte
  • Il punteggio medio è 8 su 15
Statistiche sulle risposte
Hint Risposta % Corretto
Ponyta Prima
100%
Volcarona Quinta
100%
Chien-Pao Nona
67%
Pawmot Nona
67%
Chansey Prima
67%
Articuno Prima
67%
Munna Quinta
67%
Plusle Terza
67%
Palafin Nona
33%
Hydrapple Nona
33%
Skeledirge Nona
33%
Calyrex Ottava
33%
Heatran Quarta
33%
Swinub Seconda
33%
Gogoat Sesta
0%
Nessun quiz corrispondente trovato
Distribuzione punteggi
Percentuale di utenti per punteggio
Percentile per numero di risposta
I tuoi punteggi nel tempo
Non hai fatto questo quiz